000 01577cam a22004337a 4500
003 CHAP
005 20220817042706.0
008 971013s1994 r 00010 d
010 _a52396
011 _a53368
035 _a57518
040 _cCHAP
082 _a338.9
_bF3 v.116/2
110 _aFAO
245 0 _aCompendium of food consumption statistics from household surveys in developing countries 2
_b: Africa, Latin America and Oceania
260 _aRome :
_bFAO,
_c1994
300 _a292 p.
_b: gráfs.
410 _aFAO
490 0 _aDesarrollo económico y social
_v; 116/2
590 _aBATCH-UPD
_b10
_c20130110
_lUCH01
_h0346
590 _aBATCH-UPD
_b10
_c20130110
_lUCH01
_h1906
590 _aBATCH-UPD
_b10
_c20130410
_lUCH01
_h0019
590 _aBATCH-UPD
_b10
_c20130410
_lUCH01
_h1545
590 _aBATCH-UPD
_b10
_c20130914
_lUCH01
_h0139
590 _aBATCH-UPD
_b10
_c20130914
_lUCH01
_h1939
590 _aCONVERSION
_b10
_c20130109
_lUCH01
_h1328
650 1 4 _aAlimentos
_xConsumo
_xAfrica.
_94182
650 1 4 _aAlimentos
_xConsumo
_xAmérica Latina.
_94184
650 1 4 _aAlimentos
_xConsumo
_xOceania.
_94193
650 1 4 _aProductos agrícolas
_xConsumo
_xAfrica.
_991925
650 1 4 _aProductos agrícolas
_xConsumo
_xAmérica Latina.
_991926
650 1 4 _aProductos agrícolas
_xConsumo
_xOceania.
_991930
650 1 4 _aProductos agrícolas
_xEstadísticas.
_991939
810 0 _aFAO
830 0 0 _aDesarrollo económico y social
_v; 116/2
_932058
901 _aBK
942 _cLIBRO
949 _a338.9 F3 v.116/2
_bBC
_cFAO
_d33724000396529
_eFAO1
_h89759
_i57518
_si
999 _c52396
_d52396